Word Ladder: Flying from Germany Quiz Stats

 Plays Quiz Updated Mar 29, 2019

Score 0/35 Timer 04:00
0 Plays Today
Hint 4-letter answer % Correct
____ coladaPIÑA
94.8%
8-year-old Simpson characterLISA
91.2%
Needles and ?PINS
90.7%
✈ Destination in Italy ✈ROME
90.7%
✈ Destination in Italy ✈PISA
90.2%
Building for storing hay, grain, etc.BARN
89.6%
Monetary unit of Italy before EuroLIRA
89.2%
Brought forth by birthBORN
89.1%
Pride, envy, and slothSINS
88.5%
It's easy to do it with an ovenBAKE
88.1%
Disposal of goods at reduced pricesSALE
88%
First name of Tomb Raider protagonistLARA
85.5%
'The Jungle Book' kind of necessitiesBARE
84.7%
Profoundly wise personSAGE
83.6%
Very heavy, large bookTOME
83.1%
DomesticatedTAME
83%
Small rodents of the family MuridaeMICE
82.6%
✈ Destination in France ✈NICE
82.4%
Hint 4-letter answer % Correct
Offshore oil platformsRIGS
81.3%
Feeling Against the MachineRAGE
81.3%
Opposite / hypotenuseSINE
80.5%
✈ Destination in Maldives ✈MALÉ
80.1%
Clublike armor-breaking weaponMACE
79.8%
Weight of an empty vehicle or containerTARE
78.1%
✈ Destination in Latvia ✈RIGA
77.6%
Outer edges of circular objectsRIMS
74.8%
Eiwa, dokuz, devet, or noveNINE
72.9%
Several Read-only memory unitsROMS
72%
One of the melodic formulas of Hindu musicRAGA
70.8%
Forsaken, desolateLORN
69.6%
Short-tailed, web-footed, diving birdLOON
69%
✈ Destination in France ✈LYON
59.8%
✈ Destination in Azerbaijan ✈BAKU
46.9%
✈ Destination in Italy ✈BARI
40.3%
Monetary unit of GeorgiaLARI
38.5%

Today's Daily Dose

You're not logged in!

Compare scores with friends on all Sporcle quizzes.
OR
Log In

Sporcle TV

Today on Sporcle TV


Watch our educational content, quiz creation guides, and fun videos on Sporcle TV.

Show Comments

Extras

Top Quizzes Today


Score Distribution

Your Account Isn't Verified!

In order to create a playlist on Sporcle, you need to verify the email address you used during registration. Go to your Sporcle Settings to finish the process.

Report this User

Report this user for behavior that violates our Community Guidelines.

Details: